An Expository dictionary of Biblical words / (Record no. 3879)
[ view plain ]
| 000 -LEADER | |
|---|---|
| fixed length control field | 01500nam a22003257a 4500 |
| 001 - CONTROL NUMBER | |
| control field | 508447 |
| 003 - CONTROL NUMBER IDENTIFIER | |
| control field | GBCCL |
| 005 - DATE AND TIME OF LATEST TRANSACTION | |
| control field | 20241126110506.0 |
| 008 - FIXED-LENGTH DATA ELEMENTS--GENERAL INFORMATION | |
| fixed length control field | 851017r19851952tnu d 001 0 eng |
| 010 ## - | |
| -- | 85217068 |
| -- | 85002913 |
| 020 ## - INTERNATIONAL STANDARD BOOK NUMBER | |
| International Standard Book Number | 084075387X |
| 040 ## - CATALOGING SOURCE | |
| Original cataloging agency | DLC |
| Transcribing agency | DLC |
| Modifying agency | DLC |
| 050 00 - | |
| -- | BS537 |
| -- | .E96 1985b |
| 082 00 - DEWEY DECIMAL CLASSIFICATION NUMBER | |
| Classification number | 220.440321 |
| Edition information | 19 |
| Item number | EXP |
| 245 03 - TITLE STATEMENT | |
| Title | An Expository dictionary of Biblical words / |
| Statement of responsibility, etc. | by W.E. Vine, Merrill F. Unger, William White. |
| 260 ## - PUBLICATION, DISTRIBUTION, ETC. | |
| Place of publication, distribution, etc. | Nashville : |
| Name of publisher, distributor, etc. | Nelson, |
| Date of publication, distribution, etc. | c1985. |
| 300 ## - PHYSICAL DESCRIPTION | |
| Extent | xviii, 319, xii, 755 p. ; |
| Dimensions | 25 cm. |
| 500 ## - GENERAL NOTE | |
| General note | First work originally published: Nelson's expository dictionary of the Old Testament / edited by Merrill F. Unger, William White, Jr. Nashville, Tenn. : T. Nelson, c1980. |
| 500 ## - GENERAL NOTE | |
| General note | Second work originally published: An expository dictionary of New Testament words / by W.E. Vine. Old Tappan, N.J. : F.H. Revell, 1952. |
| 500 ## - GENERAL NOTE | |
| General note | Includes indexes. |
| 630 00 - SUBJECT ADDED ENTRY--UNIFORM TITLE | |
| Uniform title | Bible |
| General subdivision | Language, style |
| -- | Dictionaries. |
| 9 (RLIN) | 9831 |
| 650 #0 - SUBJECT ADDED ENTRY--TOPICAL TERM | |
| Topical term or geographic name entry element | English language |
| General subdivision | Dictionaries |
| -- | Hebrew. |
| 9 (RLIN) | 3619 |
| 650 #0 - SUBJECT ADDED ENTRY--TOPICAL TERM | |
| Topical term or geographic name entry element | English language |
| General subdivision | Dictionaries |
| -- | Greek. |
| 9 (RLIN) | 9832 |
| 700 1# - ADDED ENTRY--PERSONAL NAME | |
| Personal name | Vine, W. E. |
| Fuller form of name | (William Edwy), |
| Dates associated with a name | 1873-1949. |
| 9 (RLIN) | 5890 |
| 700 1# - ADDED ENTRY--PERSONAL NAME | |
| Personal name | Unger, Merrill Frederick, |
| Dates associated with a name | 1909- |
| 9 (RLIN) | 957 |
| 700 12 - ADDED ENTRY--PERSONAL NAME | |
| Personal name | Vine, W. E. |
| Fuller form of name | (William Edwy), |
| Dates associated with a name | 1873-1949. |
| Title of a work | Expository dictionary of New Testament words. |
| Date of a work | 1985. |
| 9 (RLIN) | 9833 |
| 730 02 - | |
| -- | Nelson's expository dictionary of the Old Testament. |
| -- | 1985. |
| -- | 9834 |
| 906 ## - LOCAL DATA ELEMENT F, LDF (RLIN) | |
| a | 7 |
| b | cbc |
| c | orignew |
| d | 2 |
| e | ncip |
| f | 19 |
| g | y-gencatlg |
| 942 ## - ADDED ENTRY ELEMENTS (KOHA) | |
| Source of classification or shelving scheme | Dewey Decimal Classification |
| Koha item type | Reference Books |
| Withdrawn status | Lost status | Source of classification or shelving scheme | Damaged status | Not for loan | Home library | Current Library | Shelving location | Date acquired | Total checkouts | Full call number | Barcode | Date last seen | Copy number | Price effective from | Koha item type |
|---|---|---|---|---|---|---|---|---|---|---|---|---|---|---|---|
| Dewey Decimal Classification | GRACE BIBLE COLLEGE | GRACE BIBLE COLLEGE | Dictionary | 2017-12-15 | 220.440321 EXP | 001523 | 2025-05-01 | c.1 | 2017-12-15 | Reference Books |